Xcom Alien Races Quiz - Statistics

General Stats
  • This quiz has been taken 64 times
  • The average score is 9 of 17
Answer Stats
Answer % Correct
Sectoid
96%
Muton
92%
Thin Man
88%
Chryssalid
77%
Floater
69%
Ethereal
63%
Sectopod
60%
Cyberdisc
50%
Drone
50%
Heavy Floater
44%
Sectoid Commander
44%
Zombie
40%
Mechtoid
35%
Muton Elite
31%
Seeker
31%
Beserker
25%
Uber Ethereal
17%
No matching quizzes found
Score Distribution
Percent of People with Each Score
Percentile by Number Answered
Your Score History
You have not taken this quiz